banner koha

Alternativas, em desenvolvimento, para producao de pastas mecanicas [Celulose; Industria florestal; Brasil] (Registro n. 333463)

MARC details
000 -LÍDER
campo de controle de tamanho fixo 01221naa a22002657a 4500
001 - NÚMERO DE CONTROLE
campo de controle BR7906863
003 - IDENTIFICADOR DO NÚMERO DE CONTROLE
campo de controle BR-BrBNA
005 - DATA E HORÁRIO DA ÚLTIMA TRANSAÇÃO
campo de controle 20250716090241.0
007 - CAMPO FIXO DE DESCRIÇÃO FÍSICA--INFORMAÇÃO GERAL
campo de controle de tamanho fixo ta
008 - CAMPO DE DADOS FIXOS--INFORMAÇÃO GERAL
campo de controle de tamanho fixo 250630b bl.|||m| |||| 00| 0 por d
040 ## - FONTE DA CATALOGAÇÃO
Instituição da catalogação original BR-BrBNA
Idioma da catalogação por
Instituição que transcreveu o registro Biblioteca Nacional de Agricultura
041 ## - CÓDIGO DE IDIOMA
Código do idioma do texto/trilha sonora ou título diferente (Pt)
072 ## - CÓDIGO DE CATEGORIA DE ASSUNTO
Código de Categoria de Assunto K50
Código do objeto 8919
-- G514
090 ## - NÚMERO DE CHAMADA LOCAL
Número de chamada K50 BR7906863
100 1# - ENTRADA PRINCIPAL--NOME PESSOAL
Nome pessoal Neves, J.M.
100 1# - ENTRADA PRINCIPAL--NOME PESSOAL
Nome pessoal Assumpcao, R.M.V.
245 1# - TÍTULO
Título Alternativas, em desenvolvimento, para producao de pastas mecanicas [Celulose; Industria florestal; Brasil]
490 ## - TÍTULO DA SÉRIE
Título da série Publicacoes Especiais - Instituto de Pesquisas Tecnologicas do Estado de Sao Paulo S.A. (Brazil)
Número do volume ou designação sequencial da série no. 8
500 ## - NOTA GERAL
Nota geral Trabalhos apresentados pelo Centro Tecnico em Celulose e Papel no 12. Congresso Anual da Associacao Tecnica Brasileira em Celulose e Papel<br/>Sao Paulo, SP (Brasil): 1979. p. 45-56 [9 illus.; 16 ref.]<br/>(BR7906863-AMS)<br/>
650 ## - ASSUNTO--TERMO TÓPICO
Cabeçalho tópico ou nome geográfico CELULOSE
650 ## - ASSUNTO--TERMO TÓPICO
Cabeçalho tópico ou nome geográfico INDUSTRIALIZACAO
773 0# - ENTRADA ANALÍTICA
Título Trabalhos apresentados pelo Centro Tecnico em Celulose e Papel no 12. Congresso Anual da Associacao Tecnica Brasileira em Celulose e Papel
Número de controle do registro K50 BR7906863
Partes relacionadas Sao Paulo, SP (Brasil), 1979. p. 45-56
942 ## - ELEMENTOS DE ENTRADA ADICIONADOS (KOHA)
Tipo de material Koha Analítica de Monografia Seriada
Fonte da classificação ou esquema de arquivamento na estante Classificação AGRIS
909 ## -
-- 202506
-- Lúcia
-- 55
-- Lúcia Elande
Exemplares
Situação do descarte Fonte da classificação ou esquema de arquivamento na estante Situação física Não pode ser emprestado Coleção Biblioteca de origem Biblioteca atual Total de empréstimos Número de telefone completo Data de último acesso Número do exemplar Tipo de material Koha Situação das perdas Data de aquisição Fonte de aquisição
  Classificação AGRIS       Biblioteca Nacional de Agricultura - Binagri Biblioteca Nacional de Agricultura - Binagri   8919 BR8003839 30/06/2025 01 Analítica de Monografia Seriada   2025-06-30 Portaria Interministerial nº 164/94

BINAGRI

Telefone: (61)3218-2567/2388/3357/2097 - binagri@agro.gov.br

Ministério da Agricultura e Pecuária , Esplanada dos Ministérios, Bloco D, Anexo B, Brasília/DF, CEP: 70.043-900